000 00689nam a2200277Ia 4500
005 20260324113655.0
008 008 260324s9999 xx 000 0 eng d
020 _a9781003370390
037 _aEBOOK
040 _aCRL
040 _beng
040 _cCRL
041 _2eng
041 _aeng
084 _qCRL
100 _aJoanna Paliszkiewicz; José L. Guerrero Cusumano
_91147718
245 0 _aCommunication, Leadership and Trust in Organizations
260 _bTaylor and Francis
260 _c2023
365 _a
365 _b230
856 _uhttp://www.taylorfrancis.com/books/9781003370390
942 _cEBOOK
999 _c1737495
_d1737495